LEADER 03038nam 2200733Ia 450 001 9910957173203321 005 20200520144314.0 010 $a979-82-16-21057-3 010 $a1-280-65918-1 010 $a9786613636119 010 $a0-7391-6980-7 035 $a(CKB)2670000000168454 035 $a(EBL)871299 035 $a(OCoLC)782878315 035 $a(SSID)ssj0000638561 035 $a(PQKBManifestationID)12267606 035 $a(PQKBTitleCode)TC0000638561 035 $a(PQKBWorkID)10715366 035 $a(PQKB)10401677 035 $a(Au-PeEL)EBL871299 035 $a(CaPaEBR)ebr10570652 035 $a(CaONFJC)MIL363611 035 $a(PPN)170956326 035 $a(MiAaPQ)EBC871299 035 $a(EXLCZ)992670000000168454 100 $a20110928d2012 uy 0 101 0 $aeng 135 $aur|n|---||||| 181 $ctxt 182 $cc 183 $acr 200 00$aMigration and remittances from Mexico $etrends, impacts, and new challenges /$fedited by Alfredo Cuecuecha and Carla Pederzini 210 $aLanham $cLexington Books$dc2012 215 $a1 online resource (303 p.) 300 $aDescription based upon print version of record. 311 08$a0-7391-9071-7 311 08$a0-7391-6979-3 320 $aIncludes bibliographical references (p. 265-281) and index. 327 $aCover; Half Title; Title; Copyright; Contents; Acknowledgements; Introduction; Chapter 1; Chapter 2; Chapter 3; Chapter 4; Chapter 5; Chapter 6; Chapter 7; Chapter 8; Chapter 9; Chapter 10; Chapter 11; Chapter 12; References; Index 330 $aMigration and Remittances from Mexico: Trends, Impacts, and New Challenges, edited by Alfredo Cuecuecha and Carla Pederzini, is an indispensable resource for Mexico-US migration studies. It includes a review of the most important available databases for the study of migration from Mexico and Latin America to the US. The volume's contributors are specialized migration researchers trained in a broad variety of fields, including economics, sociology, demography, and political science in both Mexico and 606 $aEmigrant remittances$zMexico 606 $aForeign workers, Mexican$zUnited States 606 $aMexicans$zUnited States 606 $aMigrant remittances$zMexico 606 $aMigration, Internal$xEconomic aspects$zMexico 606 $aMigration, Internal$zMexico 607 $aMexico$xEmigration and immigration$xEconomic aspects 607 $aMexico$xEmigration and immigration 615 0$aEmigrant remittances 615 0$aForeign workers, Mexican 615 0$aMexicans 615 0$aMigrant remittances 615 0$aMigration, Internal$xEconomic aspects 615 0$aMigration, Internal 676 $a304.80972 701 $aCuecuecha$b Alfredo$01855738 701 $aPederzini$b Carla$01855739 801 0$bMiAaPQ 801 1$bMiAaPQ 801 2$bMiAaPQ 906 $aBOOK 912 $a9910957173203321 996 $aMigration and remittances from Mexico$94454084 997 $aUNINA LEADER 08354nam 22005895 450 001 9910254806303321 005 20251116183210.0 010 $a3-319-53053-4 024 7 $a10.1007/978-3-319-53053-6 035 $a(CKB)3780000000451080 035 $a(DE-He213)978-3-319-53053-6 035 $a(MiAaPQ)EBC4987576 035 $a(EXLCZ)993780000000451080 100 $a20170828d2017 u| 0 101 0 $aeng 135 $aurnn#008mamaa 181 $ctxt$2rdacontent 182 $cc$2rdamedia 183 $acr$2rdacarrier 200 10$aEducator Stress $eAn Occupational Health Perspective /$fedited by Teresa Mendonça McIntyre, Scott E. McIntyre, David J. Francis 205 $a1st ed. 2017. 210 1$aCham :$cSpringer International Publishing :$cImprint: Springer,$d2017. 215 $a1 online resource (XXIV, 511 p. 20 illus.) 225 1 $aAligning Perspectives on Health, Safety and Well-Being,$x2213-0497 311 08$a3-319-53051-8 320 $aIncludes bibliographical references at the end of each chapters and index. 327 $aPart I. Defining the Problem of Educator Stress in the Context of Current Education Challenges -- Chapter 1. School Context and Education System Factors Impacting Educator Stress (Rebecca J. Collie, Nancy E. Perry, and Andrew J. Martin) -- Chapter 2. Current Knowledge on the Nature, Prevalence, Sources and Potential Impact of Teacher Stress (Cheryl Travers) -- Chapter 3. Consequences of Job Stress for the Psychological Well-Being of Educators (Irvin S. Schonfeld, Renzo Bianchi, and Peter Luehring-Jones) -- Chapter 4. Biological Pathways to Stress-Related Disease Vulnerability in Educators (Silja Bellingrath, and Brigitte M. Kudielka) -- Chapter 5. Teacher Stress and Teacher Self-Efficacy: Relations and Consequences (Einar M. Skaalvik and Sidsel Skaalvik) -- Chapter 6. Consequences of Educator Stress on Turnover: The Case of Charter Schools (Stephanie L. Cano, Belinda Bustos Flores, Lorena Claeys, and Daniel A. Sass) -- Chapter 7. The Role of Culture and Other Contextual Factors in Educator Stress (Christopher J. McCarthy, Sally Lineback, Paul G. Fitchett, Richard G. Lambert, Maytal Eyal, and Lauren H. Boyle) -- PART II. Understanding Educator Stress from an Occupational Health Framework -- Chapter 8. Development and Testing of a Theoretical-Empirical Model of Educator Stress, Coping and Burnout (Cameron Montgomery) -- Chapter 9. The Job Demand-Control (-Support) Model in Teaching Context (Margot van der Doef and Chris Verhoeven) -- Chapter 10. Applying General Occupational Health Theories to Educational Stress and Health: Evidence from the Effort-Reward Imbalance Model (Johannes Siegrist) -- Chapter 11. Applying Occupational Health Theories to Educator Stress: Contribution of the Job-Demands-Resources Model (Toon W. Taris, Peter L. M. Leisink, and Wilmar B. Schaufeli) -- Chapter 12. Towards a Dynamic and Integrative Theory of Educator Stress (Teresa M. McIntyre, Scott E. McIntyre, Cristopher D. Barr, David J. Francis, and Angelia Durand) -- PART III. Managing and Reducing Stress in Education Systems -- Chapter 13. Defining Healthy Schools: An Occupational Health Psychology Perspective on Healthy School Climates (Robert Sinclair, Janelle H. Cheung, and Adam Cox) -- Chapter 14. Individual-level Interventions: Mindfulness-Based Approaches to Reducing Stress and Improving Performance among Teachers (Patricia A. Jennings and Anthony A. DeMauro) -- Chapter 15. Individual-organizational Interface Stress Management Interventions (Raymond Randall and Cheryl Travers) -- Chapter 16 Organizational Interventions to Reduce Sources of K-12 Teachers? Occupational Stress (Paul Landsbergis, Jeanette M. Zoeckler, Bianca Rivera, Darryl Alexander, Amy Bahruth, and Wendy Hord) -- Chapter 17. New Directions in Intervention: Cyber-bullying, Schools and Teachers (Tom Cox, Magda Marczak, Kevin Teoh and Juliet Hassard) -- PART IV. Implications for Research, Practice and Policy in Education -- Chapter 18. Issues in Research Methodology on Educator Stress (David J. Francis, Christopher D. Barr, Julia Benoit, and Teresa M. McIntyre) -- Chapter 19. Translating Education Stress Research into Practice and Policy (Peggy McCardle) -- Chapter 20. Implications of an Occupational Health Perspective for Educator Stress Research, Practice, and Policy: Concluding Comments (Scott E. McIntyre, Teresa M. McIntyre, and David J. Francis). 330 $aThis book brings together the most current thinking and research on educator stress and how education systems can support quality teachers and quality education. It adopts an occupational health perspective to examine the problem of educator stress and presents theory-driven intervention strategies to reduce stress load and support educator resilience and healthy school organizations. The book provides an international perspective on key challenges facing educators such as teacher stress, teacher retention, training effective teachers, teacher accountability, cyber-bullying in schools, and developing healthy school systems. Divided into four parts, the book starts out by introducing and defining the problem of educator stress internationally and examining educator stress in the context of school, education system, and education policy factors. Part I includes chapters on educator mental health and well-being, stress-related biological vulnerabilities, the relation of stress to teaching self-efficacy, turnover in charter schools, and the role of culture in educator stress. Part II reviews the main conceptual models that explain educator stress while applying an occupational health framework to education contexts which stresses the role of organizational factors, including work organization and work practices. It ends with a proposal of a dynamic integrative theory of educator stress, which highlights the changing nature of educator stress with time and context. Part III starts with the definition of what constitute healthy school organizations as a backdrop to the following chapters which review the application of occupational health psychology theories and intervention approaches to reducing educator stress, promoting teacher resources and developing healthy school systems. Chapters include interventions at the individual, individual-organizational interface and organizational levels. Part III ends with a chapter addressing cyber-bullying, a new challenge affecting schools and teachers. Part IV discusses the implications for research, practice and policy in education, including teacher training and development. In addition, it presents a review of methodological issues facing researchers on educator stress and identifies future trends for research on this topic, including the use of ecological momentary assessment in educator stress research. The editors? concluding comments reflect upon the application of an occupational health perspective to advance research, practice and policy directed at reducing stress in educators, and promoting teacher and school well-being. 410 0$aAligning Perspectives on Health, Safety and Well-Being,$x2213-0497 606 $aPsychology, Industrial 606 $aPersonnel management 606 $aMedicine, Industrial 606 $aIndustrial and Organizational Psychology$3https://scigraph.springernature.com/ontologies/product-market-codes/Y20030 606 $aHuman Resource Management$3https://scigraph.springernature.com/ontologies/product-market-codes/517000 606 $aOccupational Medicine/Industrial Medicine$3https://scigraph.springernature.com/ontologies/product-market-codes/H42001 615 0$aPsychology, Industrial. 615 0$aPersonnel management. 615 0$aMedicine, Industrial. 615 14$aIndustrial and Organizational Psychology. 615 24$aHuman Resource Management. 615 24$aOccupational Medicine/Industrial Medicine. 676 $a371.10019 702 $aMcIntyre$b Teresa M.$4edt$4http://id.loc.gov/vocabulary/relators/edt 702 $aMcIntyre$b Scott E$4edt$4http://id.loc.gov/vocabulary/relators/edt 702 $aFrancis$b David J.$4edt$4http://id.loc.gov/vocabulary/relators/edt 801 0$bMiAaPQ 801 1$bMiAaPQ 801 2$bMiAaPQ 906 $aBOOK 912 $a9910254806303321 996 $aEducator Stress$91561746 997 $aUNINA